Statistics for People Buried at Westminster Abbey

Click here to take the quiz!

General Stats

  • This quiz has been taken 11,550 times
    (11,345 since last reset)
  • The average score is 12 of 20

Answer Stats

LifeHintPerson% Correct
1809–1882Theory of Natural SelectionCharles Darwin
94%
1642–1727Explained how gravity worksIsaac Newton
94%
1533–1603Protestant daughter of Henry VIIIElizabeth I
87%
1516–1558Catholic daughter of Henry VIIIMary I
85%
1812–1870"A Tale of Two Cities"Charles Dickens
80%
1003–1066Last king of the House of Wessex{Edward} the Confessor
80%
1942–2018Black hole theoristStephen Hawking
75%
1386–1422Won the battle of AgincourtHenry V
72%
1566–1625Commissioned a BibleJames I
72%
1869-1940Prime Minister who appeased HitlerNeville Chamberlain
72%
1865–1936"The Jungle Book"Rudyard Kipling
69%
1343–1400"The Canterbury Tales"Geoffrey Chaucer
67%
1813–1873Presumably, Stanley found him in AfricaDavid Livingstone
64%
1685–1759"Messiah" composerGeorge Frideric Handel
52%
1708–17781760s Prime Minister whose son also ascended to the officeWilliam Pitt
48%
1809–1892"The Charge of the Light Brigade"Alfred Tennyson
34%
1907–1989Shakesperean actorLaurence Olivier
34%
1840–1928"Tess of the d'Urbervilles"Thomas Hardy
34%
1871–1937Father of nuclear physicsErnest Rutherford
23%
1572–1637The inscription on his tomb reads "O Rare, ___ ______"Ben Jonson
11%

Score Distribution

Percentile by Number Answered

Percent of People with Each Score

Your Score History

You have not taken this quiz since the last reset